00483 2200181 4500001002100000005001700021035002500038090001800063100001400081245006300095250001800158260002700176300003300203500002700236650001400263850001200277990001200289YOGYA00000000003436620150311092841.0 a0010-081400000034084 aDEP 657 Suw A aSuwarjono aAkutansi : pengantar buku kerja dan pelengkapc/ Suwarjono aEd. 2, cet. 1 aYogyakartabBPFEc1989 avii, 155 hlm.bilus.c27 cm. aYang diterima : Bag. 1 aAkuntansi aYOPDYOG a12383-A